000 00727nam a2200289Ia 4500
005 20260324123325.0
008 008 260324s9999 xx 000 0 eng d
020 _a9780203110348
037 _aEBOOK
040 _aCRL
040 _beng
040 _cCRL
041 _2eng
041 _aeng
084 _qCRL
100 _aNatalie Purcell
_91169878
245 0 _aViolence and the Pornographic Imaginary
245 4 _bThe Politics of Sex, Gender, and Aggression in Hardcore Pornography
260 _bTaylor and Francis
260 _c2012
365 _a
365 _b240
856 _uhttp://www.taylorfrancis.com/books/9780203110348
942 _cEBOOK
999 _c1763297
_d1763297